000 00432nam a2200169Ia 4500
001 1165
003 IN-NITTTR
005 20251114232909.0
008 251113s9999||||xx |||||||||||||| ||eng||
040 _beng
040 _cIN-NITTTR
041 _aeng
082 _a658 L556A
100 _aLepawsky, Albert
245 0 _aAdministration :
_b the art and science of organization and management. /
_cLepawsky, Albert
942 _2ddc
_cBK
999 _c1250
_d1250